| 000 | 01305cam a22003014a 4500 | ||
|---|---|---|---|
| 001 | 16558497 | ||
| 005 | 20111209112934.0 | ||
| 008 | 101129s2012 stka b 001 0 eng | ||
| 020 | _a9780723435655 | ||
| 020 | _a9780723435662 (International) | ||
| 035 | _a(DNLM)101548553 | ||
| 040 |
_aDNLM/DLC _cDLC _dDLC |
||
| 082 | 0 | 0 |
_a618.92 _222 _bILL |
| 245 | 0 | 0 |
_aIllustrated Textbook of Paediatrics / _cedited by Tom Lissauer, Graham Clayden ; foreword by Alan Craft. |
| 250 | _a4th ed. | ||
| 260 |
_aEdinburgh : _bMosby, _cc2012. |
||
| 300 |
_axiv, 533 p. : _bcol. ill. ; _c27 cm. |
||
| 504 | _aIncludes bibliographical references and index. | ||
| 650 | 0 |
_aPediatrics. _928902 |
|
| 650 | 1 | 2 |
_aPediatrics. _928903 |
| 653 |
_bNUR _cFebruary2012 |
||
| 700 | 1 |
_aLissauer, Tom. _928904 |
|
| 700 | 1 |
_aClayden, Graham. _928905 |
|
| 942 |
_2ddc _cNRB |
||
| 999 |
_c16461 _d16461 |
||